| 000 | 00473nam a22001697a 4500 | ||
|---|---|---|---|
| 999 |
_c526509 _d526509 |
||
| 003 | NUST | ||
| 038 | _awaseem | ||
| 082 |
_a891.421 _bDUR |
||
| 100 |
_aDurani, Rizwana Tabusam _917525 |
||
| 245 |
_aKonj Chananah di / _cRizwana Tabusam Durani |
||
| 260 |
_aMultan : _bJhook Publishers, _c2008. |
||
| 300 | _a160 p. ; | ||
| 500 | _aHardcover. | ||
| 880 |
_6100-01\r _aرضوانہ تبسم درانی |
||
| 880 |
_6245-02\r _aکونج چنانہہ دی / |
||
| 942 |
_2ddc _cBK |
||